Κατάλογος Βιβλιοθηκών Mediterranean College

Metal Fatigue Analysis Handbook (Record no. 8222)

MARC details
000 -LEADER
fixed length control field 01393cam a22002174a 4500
005 - ΗΜΕΡΟΜΗΝΙΑ ΚΑΙ ΩΡΑ ΤΕΛΕΥΤΑΙΑΣ ΕΝΗΜΕΡΩΣΗΣ
Πεδίο ελέγχου 20250605164330.0
008 - FIXED-LENGTH DATA ELEMENTS--GENERAL INFORMATION
Πεδίο ελέγχου σταθερού μήκους 250528s ||||||||||||||||||||||||d
035 ## - SYSTEM CONTROL NUMBER
System control number 23192
020 ## - ISBN
ISBN 9780123852045
040 ## - ΠΗΓΗ ΚΑΤΑΛΟΓΟΓΡΑΦΗΣΗΣ
Φορέας πρωτότυπης καταλογογράφησης MC Athens Campus Library
Γλώσσα καταλογογράφησης Ελληνικά, Μοντέρνα (1453-)
Modifying agency MC Athens Campus Library
Κανόνες περιγραφικής καταλογογράφησης AACR2
245 1# - ΤΙΤΛΟΣ ΚΑΙ ΔΗΛΩΣΗ ΥΠΕΥΘΥΝΟΤΗΤΑΣ
Τίτλος Metal Fatigue Analysis Handbook
260 ## - PUBLICATION, DISTRIBUTION, ETC.
Name of publisher, distributor, etc. Elsevier - Butterworth Heinemann,
Date of publication, distribution, etc. 2012
300 ## - PHYSICAL DESCRIPTION
Extent 586
520 ## - SUMMARY, ETC.
Summary, etc. This book presents state - of - the art fatigue theories and technologies alongside more commonly used practices, with working examples included to provide an informative, practical, complete toolkit for fatigue analysis. Preface, Acknowledgements, Road Load Analysis in Automotive Engineering, Pseudo Stress Analysis Techniques, Rain-flow Cycle Counting Techniques, Stress - Based Uniaxial Fatigue Analysis, Stress - Based Multiaxial Fatigue Analysis, Strain - Based Uniaxial Fatigue Analysis, Fundamentals of Cyclic Plasticity Theoresm Strain - Based Multiaxial Fatigue Analysis, Vibration Fatigue Testing and Analysis, Fatigue Life Prediction Methods of Seam - Welded Joints, Fatigue Life Prediction Methods of Resistance Spot - Welded Joints, Design and Analysis of Metric Bolted Joined - VDI Guideline and Finite Element Analysis, Index.
700 1# - ΠΡΟΣΘΕΤΗ ΑΝΑΓΡΑΦΗ--ΦΥΣΙΚΟ ΠΡΟΣΩΠΟ
Personal name Barkey Mark E.
9 (RLIN) 8772
700 1# - ΠΡΟΣΘΕΤΗ ΑΝΑΓΡΑΦΗ--ΦΥΣΙΚΟ ΠΡΟΣΩΠΟ
Personal name Kang Hong-Tae
9 (RLIN) 8773
700 1# - ΠΡΟΣΘΕΤΗ ΑΝΑΓΡΑΦΗ--ΦΥΣΙΚΟ ΠΡΟΣΩΠΟ
Personal name Lee Yung-Li
9 (RLIN) 8774
942 ## - ADDED ENTRY ELEMENTS (KOHA)
Koha item type Books
Holdings
Τύπος τεκμηρίου Βιβλιοθήκη Τρέχουσα τοποθεσία Barcode Αριθμός εισαγωγής Ημερομηνία απόκτησης Ταξιθετικό σύμβολο Αριθμός αντιτύπου Κατάσταση απόσυρσης Κατάσταση χαμένου Κατάσταση κατεστραμμένου Μη δανεισμός Σύνολο δανεισμών Ημερομηνία τελευταίας εμφάνισης Η τιμή ισχύει από
Books MC Athens Campus Library MC Athens Campus Library 9780000082213 7580 05/06/2025 620.1/66 LEE 1           05/06/2025 05/06/2025

MC Athens Campus Library
Πατησίων 94 & Κοδριγκτώνος 13, 104 34
Πελλήνης 8 & Πατησίων 107, 112 51
Τ: +30 210 8899600

MC Thessaloniki Campus Library
Ίωνος Δραγούμη 21, 54625 | Ίωνος Δραγούμη 15, 54625
Τ: +30 2310 287779 – Τ: +30 2314 440300